Aprendizaje de liderazgo: relaciones interpersonales e intergrupales

Uloženo v:
Podrobná bibliografie
Hlavní autor: Rice, A. K (Autor)
Médium: Kniha
Jazyk:španělština
Vydáno: Barcelona Herder 1977
Edice:Biblioteca de Psicología, 1
Témata:
Tagy: Přidat tag
Žádné tagy, Buďte první, kdo vytvoří štítek k tomuto záznamu!

MARC

LEADER 00000nam a2200000 a 4500
001 UCQ0867
003 CL-VaPUC
008 980703e19770000SP |||||||||||||||||spa|d
082 0 4 |a 303.34  |b RIC  |2 21 
100 0 |a Rice, A. K  |e author  |9 414235 
245 1 0 |a Aprendizaje de liderazgo: relaciones interpersonales e intergrupales 
300 |a 258 p 
942 |c BK 
945 |d 19980703 00:00:00  |a crobeson 
260 |a Barcelona  |b Herder  |c 1977 
650 0 |a Liderazgo  |9 271835 
650 0 |a Relaciones interpersonales  |9 307056 
650 0 |a Dinámica de grupos   |9 259862 
650 7 |a EDUCACION PROGRAMADA  |2 CL-VaPUC  |9 414236 
583 |a last modification  |c 19980703 00:00:00  |k Rodrigo Vera 
490 0 |a Biblioteca de Psicología, 1 
999 |c 271894  |d 271892 
952 |0 0  |1 0  |4 0  |6 303_340000000000000_RIC_1977  |7 0  |8 A  |9 306682  |a BIBENE  |b BIBENE  |d 2019-11-20  |i 1429167  |o 303.34 RIC 1977  |p 1429167  |r 2025-01-15  |w 2019-11-20  |y BK  |k ICO